Externé mikroprostredie firmy a jeho vplyv na rozhodovacie procesy bakalárska práca

Saved in:
Bibliographic Details
Main Author: Bogdánová, Petra
Corporate Author: Obchodná fakulta EU. Katedra marketingu
Other Authors: Drábik, Henrich
Format: Book
Language:Slovak
Published: Bratislava 2018
Tags: Add Tag
No Tags, Be the first to tag this record!

MARC

LEADER 00000nbm a2200000 4500
001 0245049
005 20180815082408.3
041 0 |a slo 
044 |a SK 
245 1 0 |a Externé mikroprostredie firmy a jeho vplyv na rozhodovacie procesy  |b bakalárska práca  |c Petra Bogdánová ; školiteľ: Henrich Drábik 
264 1 |a Bratislava  |c 2018 
300 |a 42 s. 
100 1 |a Bogdánová, Petra 
700 1 |a Drábik, Henrich 
710 2 |a Obchodná fakulta EU. Katedra marketingu